| 000 | 00000nam 2200000za 4500 |
| 001 | 9.846636 |
| 003 | CaOODSP |
| 005 | 20221107153242 |
| 007 | cr ||||||||||| |
| 008 | 171106s2017 onc o f000 0 fre d |
| 040 | |aCaOODSP|bfre |
| 043 | |an-cn--- |
| 086 | 1 |aCi4-173/2017F-PDF |
| 245 | 00|aModifications à la Loi sur la citoyenneté |h[ressource électronique]. |
| 260 | |a[Ottawa] : |bImmigration, réfugiés et citoyenneté Canada, |c[2017] |
| 300 | |a[1] p. |
| 500 | |aPubl. aussi en anglais : Citizenship Act changes. |
| 500 | |aTitre de départ. |
| 520 | |a« Prenez connaissance des nouvelles exigences pour obtenir la citoyenneté : les récentes modifications apportées à la Loi sur la citoyenneté les ont assouplies en faveur des demandeurs admissibles »--Fournis par l'éditeur. |
| 692 | 07|2gccst|aCitoyenneté |
| 710 | 1 |aCanada. |bImmigration, réfugiés et citoyenneté Canada. |
| 775 | 08|tCitizenship Act changes |w(CaOODSP)9.846633 |
| 856 | 40|qPDF|s777 Ko|uhttps://publications.gc.ca/collections/collection_2017/ircc/Ci4-173-2017-fra.pdf |